000 00602nam a22001817a 4500
008 160606b xxu||||| |||| 00| 0 eng d
020 _a13: 978-0-470-04644-9
020 _a10: 0-470-04644-9
082 _22007
_aDC 005.54
_bZ1e
100 _910170
_aZapawa, Timothy.
245 _aExcel 2007:
_badvanced report development/
_cTimothy Zapawa.
260 _aIndiana:
_bWiley Publishing,
_cc2007.
300 _axxxi, 541 pages;
_c23 cm.
500 _aIncludes index.
650 0 _910171
_aMicrosoft excel (Computer file).
650 0 _910172
_aBusiness report writing
_xComputer programs.
942 _2ddc
_cDC
999 _c3047
_d3047